Korespondence II : (1909-1929) /

Uložené v:
Podrobná bibliografia
Hlavný autor: Březina, Otokar, 1868-1929
Ďalší autori: Holman, Petr, 1951- (Author of afterword, colophon, etc., Compiler)
Médium: Kniha
Jazyk:Czech
Vydané: Brno : Host, 2004.
Vydanie:Vyd. 1.
Témy:
ISBN: 8072941046 (viaz.)
8072941054 (viaz. : súbor)
Fyzický popis: s. 871-1815, xv-xxviii s. obr. príl.. : fotogr. ; 23 cm.
Tagy: Pridať tag
Žiadne tagy, Buďte prvý kto otaguje tento záznam!

MARC

LEADER 00000nam a2200000 a 4500
001 000318220
005 20071122080156.0
008 040618s2004 xr o g 001 0 cze d
020 |a 8072941046 (viaz.) 
020 |a 8072941054 (viaz. : súbor) 
040 |a SVKKK  |b slo  |c SVKKK  |e AACR2 
041 0 |a cze 
044 |a xr  |c CZ 
072 7 |a 821.162.3  |x Česká literatúra  |2 konspekt 
080 |a 929  |2 2001 
080 |a 821.162.3-051  |2 2001 
080 |a (044)  |2 2001 
080 |a (0.072)  |2 2001 
100 1 |a Březina, Otokar,  |d 1868-1929 
245 1 0 |a Korespondence II :  |b (1909-1929) /  |c Otokar Březina ; [v letech 1973-2004 sebral, k vydání připravil, komentáře, doslov a ediční poznámku napsal a soupisy zpracoval Petr Holman]. 
250 |a Vyd. 1. 
260 |a Brno :  |b Host,  |c 2004. 
300 |a s. 871-1815, xv-xxviii s. obr. príl.. :  |b fotogr. ;  |c 23 cm. 
504 |a Register mien: s. 1777-1815 
600 1 7 |a Březina, Otokar,  |d 1868-1929  |2 SVKKKMA 
648 7 |a 19.-20. stor. 
650 0 7 |a českí spisovatelia  |2 SVKKKPH 
655 7 |a korešpondencia  |2 SVKKKPH 
655 7 |a komentované vydanie  |2 SVKKKPH 
700 1 |a Holman, Petr,  |d 1951-  |4 aft  |4 com 
910 |a svkkk 
910 |a svkkk 
919 |a 80-7294-104-6 
998 |a BK 
090 |g SCKHL  |k Sklad Pribinova prízemie  |a IV.200597  |j 992952  |i 2720077623  |s Absenčne